|
|
|
|
| LEADER |
00000nab a2200000 a 4500 |
| 001 |
vtls000833593 |
| 003 |
SK-MaSNL |
| 005 |
20260304115845.0 |
| 008 |
250429c2003 xo 0 slo |
| 015 |
|
|
|a SNBRB2003/04-13753
|
| 035 |
|
|
|a CLN000185248
|
| 035 |
|
|
|a urn:nbn:sk:snk-ab2jlx
|
| 035 |
|
|
|a (urnnbn)urn:nbn:sk:snk:ar-a02icz
|
| 035 |
|
|
|a (uuid)19ab2d08-44f8-49dd-95c3-f865b71d64e9
|
| 040 |
|
|
|a SNKBUCL
|b slo
|c SNKBUCL
|e AACR2
|
| 041 |
0 |
|
|a slo
|
| 044 |
|
|
|a xo
|c SK
|
| 080 |
|
|
|a 61-051:615:929 Špringer Vladimír
|2 1997
|
| 100 |
1 |
|
|a Mušková, Mária
|4 ivr
|9 279429
|
| 245 |
1 |
0 |
|a Prof. RNDr. Vladimír Špringer, CSc.
|c Mária Mušková, Vladimír Špringer
|
| 300 |
|
|
|b Obr.
|
| 600 |
1 |
7 |
|a Špringer, Vladimír,
|d 1933-2009
|2 snkbucl
|9 196745
|
| 655 |
|
7 |
|a rozhovory
|2 snkbucl
|9 31831
|
| 655 |
|
7 |
|a články z novín a časopisov
|2 snkbucl
|9 267496
|
| 700 |
1 |
|
|a Špringer, Vladimír,
|d 1933-2009
|4 ive
|9 196745
|
| 773 |
0 |
|
|t Lekárnik
|g Roč. 8, č. 1 (2003), s. 26.
|x 1335-924X
|
| 850 |
|
|
|a Slovenská národná knižnica
|
| 852 |
|
|
|a Slovenská národná knižnica
|
| 954 |
|
|
|a odborná, vedecká literatúra pôvodná (slovenská)
|2 lita
|
| 958 |
|
|
|a article27
|
| 958 |
|
|
|a OND
|
| 958 |
|
|
|a MI
|
| 958 |
|
|
|a BX
|
| 958 |
|
|
|a SK
|
| 958 |
|
|
|a EUIPO
|
| 992 |
|
|
|a RBX
|
| 999 |
|
|
|c 2877853
|d 2879783
|